|
|
|
|
| LEADER |
01034aam a22002778a 4500 |
| 001 |
00040799 |
| 005 |
20180122150144.0 |
| 008 |
161017s2015 ||||||Viesd |
| 020 |
# |
# |
|a 9786045851784
|c 68000
|
| 041 |
0 |
# |
|a Vie
|
| 082 |
1 |
4 |
|a 158.1
|b P311V
|
| 100 |
1 |
# |
|a Gold, Stuart Avery
|
| 245 |
1 |
0 |
|a Ping - Vượt ao tù ra biển lớn
|c Stuart Avery Gold; Thanh Thảo, Hoàng Minh (dịch)
|b Ping: A frog in search for a New Pond and on Journey to the Ocean
|
| 260 |
# |
# |
|a Thành phố Hồ Chí Minh
|b Tổng hợp Thành phố Hồ Chí Minh
|c 2016
|
| 300 |
# |
# |
|a 276 tr.
|c 21 cm.
|
| 490 |
# |
# |
|a #1 International bestseller
|
| 653 |
# |
# |
|a Cuộc sống
|
| 653 |
# |
# |
|a Tâm lý
|
| 653 |
# |
# |
|a Thích nghi
|
| 653 |
# |
# |
|a Thay đổi
|
| 653 |
# |
# |
|a Kỹ năng sống
|
| 700 |
1 |
# |
|a hoàng, Minh
|e Dịch
|
| 700 |
1 |
# |
|a Thanh, Thảo
|e Dịch
|
| 852 |
# |
# |
|j KD.0023252
|j KM.0024072
|j KM.0024073
|
| 910 |
|
|
|d 22/01/2018
|
| 980 |
# |
# |
|a Trung tâm Học liệu Lê Vũ Hùng, Trường Đại học Đồng Tháp
|